000 00487nam a22001571cc4500
001 a75409+TomI
035 _aa75409
008 170707s2004 gw |||| 000u rus d
245 0 0 _aScenarii vlasti
_nTom I
_pOt Petra Velikogo do smerti Nikolaja I
264 _aMoskva :
_bOGI,
_c2004
246 1 2 _aScenarii vlasti : Mify i ceremonii russkoj monarchii. Ot Petra Velikogo do smerti Nikolaja I
_nTom I
773 0 8 _wa75409
_qTomI
942 _cMG
040 _cRU-10907106
003 RU-10907106
999 _c45147
_d45147